000 01174cam a2200193 4500500
005 20260222003305.0
041 _afre
042 _adc
100 1 0 _aKarsz, Saül
_eauthor
245 0 0 _aSavoirs profanes et économie collaborative
260 _c2014.
500 _a50
520 _aLa question des aidants informels n’est pas dissociable de la question des travailleurs sociaux, tant historiquement que du point de vue de leurs modalités d’intervention respectives, de leur autonomie relative, de la respiration qu’ils peuvent représenter les uns pour les autres. Deux conditions sont requises pour une comparaison fructueuse : ne pas imaginer que leur nécessaire partenariat puisse être lisse et sans accrocs, ne plus esquiver l’enjeu de la définition rigoureuse et discutable de leurs périmètres, de leur raison d’être, de leur puissance et donc de leurs limites.
690 _aaidants
690 _apartenariat indispensable et non fusionnel
690 _atravailleurs sociaux
786 0 _nEmpan | 94 | 2 | 2014-06-01 | p. 13-18 | 1152-3336
856 4 1 _uhttps://shs.cairn.info/revue-empan-2014-2-page-13?lang=fr&redirect-ssocas=7080
999 _c1667377
_d1667377